[Event "Match 82__120'/40"]
[Site "Zürich"]
[Date "2025.??.??"]
[Round "20"]
[White "Mephisto Explorer Pro"]
[Black "Scorpio 68000 sel. 4"]
[Result "1-0"]
[Annotator "10-10 Ausgleich"]
[WhiteElo "2016"]
[BlackElo "2043"]
[WhiteFideId "-1"]
[BlackFideId "-1"]
[PlyCount "144"]
[GameId "543093490143"]
[EventDate "2025.10.05"]
[EventType "match"]
[EventRounds "50"]

{[%evp 0,144,25,-25,56,40,40,23,38,28,58,60,45,43,49,46,61,58,59,58,65,59,80,71,120,101,141,118,115,108,108,104,112,112,115,115,150,134,176,137,159,131,141,140,157,114,114,78,71,63,166,160,164,163,167,169,174,130,128,123,137,110,115,128,126,145,140,123,130,122,123,118,135,104,143,137,122,92,142,150,205,210,580,167,202,227,207,253,416,430,430,449,456,459,459,477,479,467,462,460,463,473,480,491,516,516,516,515,522,537,1131,640,675,605,763,770,1293,1009,1599,1029,1138,1121,1923,884,1075,827,954,954,983,1105,1124,1133,1206,925,967,965,981,995,995,995,1017,1068,1107,1104,1180,1887,2009]} 1. c4 $11 {***ENDE BUCH***} f5 {Match Nr. 82 mit 120'/40 | Bediener: Rolf Bühler | Kommentator: Kurt Utzinger | 20. Partie: Weiss (Mephisto Explorer Pro) gewinnt | Zwischenstand: 10-10 Ausgleich | Stand hypothetisch: 12-8 für Mephisto Explorer Pro | Eröffnung: Holländische Verteidigung, Klassisch | Buchzüge 7 (107) von Scorpio; 1 (82) von Mephisto Explorer Pro | Partieverlauf: Nach 1.c4 ist der Mephisto Explorer Pro bereits aus dem Buch, sein Gegner erst nach 7...a5. Und erneut agiert das holländische Programm von Frans Morsch stets eine Spur besser und bringt den Gegner unter Druck. Nach wechselhaftem Verlauf mit nur Ausgleichschancen für den Scorpio 68000 sel. 4 verliert Letzterer einen Bauern mit schlechter Stellung. Davon kann sich Schwarz nicht mehr erholen und muss seinem Gegner im Match den Ausgleich zugestehen.} 2. d4 Nf6 3. g3 e6 4. Bg2 Be7 5. Nf3 O-O 6. O-O d6 7. Nc3 a5 $14 {***ENDE BUCH***} 8. Qb3 Ra6 $146 {Eine Neuerung, die wohl keine Nachahmer finden wird. Normal sind 8...De8 oder 8...Kh8.} ({üblich ist} 8... Qe8 {schielt nach h5, ein Standardverfahren im klassischen Holländer}) ({oder} 8... Kh8 {womit sich der König aus der Diagonale der weissen Dame nimmt}) 9. Bf4 Rb6 $6 {Hier steht der Turm langfristig einfach schlecht.} 10. Qc2 $16 Nc6 11. Rad1 {erschwert den Vorstoss ...e5 von Schwarz} Qe8 12. a3 Bd8 $2 {Das sieht auf den ersten Blick gut aus zwecks Vorbereitung von ...e5. Aber Schwarz hat die folgende Antwort offenbar übersehen. Die letzte Aussage stimmt nicht, wie ich nachträglich herausgefunden habe. Scorpio erwartet 13.c5 dxc5, 14.Sa4 Tb5, 15.Sxc5 Sd5 auf Suchtiefe d08 32-33, Bewertung -00.05.} 13. c5 $1 dxc5 14. Na4 Ra6 (14... Rb5 {Nun verzichtet der Scorpio auf diese bei 12...Ld8 berechnete Variante, weil das Programm zu bemerken scheint, dass} 15. dxc5 {stärker wäre als 15.Sxc5 gemäss seiner alten Berechnung. Und das stimmt, denn die Engine gibt nun folgende hoffnungslose Verteidigungszüge an: A) 15...Se7, +- 2.98(100%)/42 oder B) 15...Kh8, +- 3.26(100%)/42 oder C) +- 3.28(100%)/42 oder D) 15...Sd5, +- 3.31(100%)/42}) 15. Nxc5 Rb6 16. Na4 {Stärker war 16.Se5.} Ra6 17. Nc3 $16 {Weiss steht klar besser und genaue Verteidigung seitens von Schwarz ist notwendig, um nicht unter die Räder zu kommen.} {[#]} Qg6 $2 $18 {[%mdl 2] ***VERLIERT*** Diese erneute Ungenauigkeit (17...Dg6) vermag die schwarze Stellung gemäss den Engines nicht mehr vertragen. Am besten war noch 17...Se7, wonach die Engine Weiss mit 1.50 im Vorteil sieht.} 18. e3 $16 {Minimiert den weissen Vorteil von +2.65 auf +1.74.} ({PROMENADE-bmi2:} 18. Ne5 Qh5 19. Nxc6 bxc6 20. Na4 Nd5 21. e3 Be7 22. Rfe1 Qf7 23. Be5 Bd6 24. Rd2 Ne7 25. Nc5 Ra8 26. Qa4 Ba6 27. Qb3 Bxc5 28. dxc5 Nd5 29. e4 fxe4 30. Bxe4 Qh5 31. Qc2 Bb5 32. a4 Ba6 33. Bc3 Bb7 34. h4 Bc8 35. Qd3 Bd7 36. Qd4 Qh6 37. Bc2 Qf6 38. Qd3 Qf5 39. Qc4 Qf3 40. Bd1 Qf5 41. Bg4 Qf7 42. Re5 Bc8 43. Qd4 h6 44. Rde2 Nxc3 45. Qxc3 Rd8 46. Bxe6 Bxe6 47. Rxe6 {[%eval 265,57] [%wdl 996,4,0]}) {[#]} 18... Kh8 $2 $18 {[%mdl 2] Stolpert wieder in den ***VERLUST***, sollte Weiss mit 19.Se5 fortsetzen; Stockfish 17.1 Bewertung: +- (2.86) (100% +100% =0% -0%) Depth: 58/82} 19. Rfe1 {Selbst mit diesem Zug verbleibt der Vorteil klar bei Weiss.} Qg4 20. b3 (20. Bf1 {ist ein Winner} Ra8 21. Ne5 Nxe5 22. dxe5 Ng8 23. Nb5 c6 24. Be2 Qg6 25. Nd6 Be7 26. e4 fxe4 27. Qxe4 Qxe4 28. Nxe4 $18 {mit einer positionellen Gewinnstellung für Weiss.}) 20... Re8 $6 {Nicht am besten.} (20... Qh5 21. Rb1 Ne7 {leistet am meisten Widerstand.}) 21. Rc1 {Alternativen und stärkere Gewinnfortsetzungen sind:} (21. e4 fxe4 22. Nxe4 Nd5 23. Neg5 $18) (21. Rb1 Qh5 22. b4 Ra8 23. b5 Ne7 24. h4 $18) (21. Ne5 Qh5 22. Nxc6 bxc6 23. Na4 h6 24. Nc5 $18) 21... Nd5 22. Nxd5 exd5 23. Ne5 Nxe5 24. Bxe5 c6 (24... Rc6 25. Qb1 Rxc1 26. Qxc1 c6 27. Bxd5 $18) 25. Bxd5 $18 {[#] Bei sehr starker Stellung hat Weiss einen Bauern mehr. Das muss für den Gewinn genügend sein.} Be7 (25... cxd5 $2 26. Qxc8 Rae6 27. Qxb7 $18 {und gewinnt}) 26. Bf7 Rf8 27. Bc4 Ra8 28. a4 {Verhindert ...b5 und verankert die Stellung des weissen Lc4.} Ba3 29. Rcd1 Bb4 30. Re2 Bd7 31. d5 $1 {Das erlaubt dem Anziehenden die Batterie Db2/Le5 gegen g7 aufzubauen.} cxd5 32. Bxd5 Rae8 33. f3 $6 {Es gibt wenigstens 3 stärkere Fortsetzungen:} (33. Bxb7 Bxa4 34. Rd4 Qg6 35. bxa4 Rxe5 36. Qd1 $18) (33. Rd4 Qg6 34. Bxb7 Bxa4 35. bxa4 Rxe5 36. Qd1 $18) (33. Bb2 Re7 34. Bxb7 h6 35. Bg2 Qh5 36. h3 $18) 33... Qg6 34. Qb2 Re7 35. Rc2 Rfe8 36. Bd4 b5 37. axb5 Bxb5 38. Qc1 Qh5 39. Rc7 Rxc7 40. Qxc7 $18 {Die weissen Figuren sind unvergleichlich aktiver. Vor allem fehlt dem Schwarzen jegliches Gegenspiel.} Qg5 41. Bf7 {Zwar ist 41.Db7 deutlich stärker, aber Weiss kann schon fast gewinnen, wie er will.} Rf8 42. Bc5 Ra8 43. Rd6 Bxc5 44. Qxc5 {Der angegriffene Läufer hat nur ein Feld, wird aber trotzdem verlorengehen.} Be2 (44... Be8 $2 45. Rd8 $1 $18) 45. Qe5 {Raffinierter als 45.Kf2 usw.} ({Nach} 45. Kf2 {müsste sich der Läufer opfern} Bxf3 46. Kxf3 $18) 45... Bxf3 46. Re6 {Droht Matt durch Te8+ usw.} Bc6 (46... h6 47. h4 $1 Qg4 48. Rxh6#) 47. Rxc6 $18 {Eine ganze Leichtfigur ist Weiss nun im Vorteil.} Qg4 48. Qxa5 Qd1+ ({aber nicht} 48... Rxa5 $4 49. Rc8#) 49. Kf2 Rd8 50. Bd5 Re8 ({Aber nicht} 50... Qxd5 $4 51. Qxd5 {und gewinnt, denn} Rxd5 {verbietet sich wegen Matt} 52. Rc8+) 51. Rc7 f4 {Berechtigte Verzweiflung spricht aus diesem Vorstoss.} 52. gxf4 Qh5 53. Qc5 Qxh2+ 54. Bg2 h6 55. Kf3 Qh4 56. b4 {Auch das noch.} Qf6 57. b5 Rb8 58. Bh3 Qd8 59. Bd7 (59. Rc8 {hätte ein menschlicher Spieler à tempo gewählt.} Rxc8 60. Qxc8 Qxc8 61. Bxc8 $18) 59... Qf6 60. b6 Rg8 61. b7 Qh4 62. Qb6 Qh1+ 63. Ke2 Qg2+ 64. Kd3 Qf1+ 65. Kc2 Qe2+ 66. Kb1 Qd1+ 67. Kb2 Qd2+ 68. Ka1 Qd1+ 69. Ka2 Qd5+ 70. Ka3 Qd3+ 71. Ka4 Qd1+ 72. Qb3 Qa1+ {***AUFGEGEBEN***} 1-0

[Event "Match 82__120'/40"]
[Site "Zürich"]
[Date "2025.??.??"]
[Round "22"]
[White "Mephisto Explorer Pro"]
[Black "Scorpio 68000 sel. 4"]
[Result "1/2-1/2"]
[Annotator "11,5-10,5 for Scorpio"]
[WhiteElo "2016"]
[BlackElo "2043"]
[WhiteFideId "-1"]
[BlackFideId "-1"]
[PlyCount "142"]
[GameId "543778095126"]
[EventDate "2025.10.05"]
[EventType "match"]
[EventRounds "50"]

{[%evp 0,142,25,16,16,25,70,76,112,76,55,57,55,53,81,41,54,37,73,58,71,35,22,30,35,5,57,56,38,28,67,8,19,-4,-16,-16,-32,-8,-8,-22,-22,-29,-30,-30,-30,-28,-27,-42,-47,-56,-53,-53,-15,-51,-47,-47,-65,-65,-67,-146,-81,-81,-81,-91,-91,-95,-85,-95,-90,-95,-50,-40,-44,-62,-44,-42,-36,-56,-56,-54,-54,-72,-56,-56,-56,-56,-29,-56,-56,-56,-66,-78,-66,-66,-56,-121,-42,-37,-23,-31,-28,-23,-15,-11,0,-21,0,0,0,0,0,0,8,19,13,-34,-34,-35,0,0,0,-30,0,0,0,0,0,0,0,0,0,0,0,0,0,0,0,0,0,0,0,0,0,0,0]} 1. e4 e5 {Match Nr. 82 mit 120'/40 | Bediener: Rolf Bühler | Kommentator: Kurt Utzinger | 22. Partie: Remis | Zwischenstand: 11,5-10,5 für Scorpio 68000 sel. 4 | Stand hypothetisch: 12-10 für Mephisto Explorer Pro | Eröffnung: Philidor Verteidigung, Hanham Variante 4.Lc4 c6 | Buchzüge 4 (114) von Scorpio; 4 (88) von Mephisto Explorer Pro | Partieverlauf: Mit dem Remis dürften beide Spieler nicht zufrieden sein. Nach der Eröffnung hätte das Programm von Frans Morsch mit einem Läuferopfer gegen drei Bauern und entblösstem schwarzen König klar das Zepter übernehmen können. Später verpasst der Scorpio 68000 sel. 4 zweimal Gewinnchancen.} 2. Nf3 d6 {Die Philidor Verteidigung. Dazu schreibt Dr. Max Euwe, Theorie der Schacheröffnungen (1968): "Dieser Eröffnung begegnet man bereits in Manuskripten aus dem 15. Jahrhundert. Später wurde der Zug 1...d6 insbesondere von Lopez, dem Erfinder der Spanischen Partie empfohlen (1561), da er 2...Sc6 wegen 3.Lb5 als weniger gut erachtete. Der eifrigste Befürworter dieser Eröffnung wurde der französische Musiker und Schachmeister François André Danican Philidor (1749), dessen Name sie denn auch erhielt. Aber auch Philidor verband mit dem Zug 2...d6 Absichten, die heutzutage unmodern sind; er betrachtete den Zug als Vorbereitung zu einem mit f7-f5 einzuleitenden Angriff gegen das weisse Zentrum. Erst die Zielsetzung, die der Amerikaner Hanham (1889) mit diesem Zug verband, nämlich die Behauptung des Bauern e5, liess 2...d6 auch den modernen strategischen Anforderungen entsprechen. In diesem Zusammenhang ist die Philidor Verteidigung nicht unbedingt unvorteilhaft für Schwarz, obwohl er nach 2...d6 grösseren Schwierigkeiten begegnet als nach 2...Sc6 oder 2...Sf6." Bei Sam Collins: Schacheröffnungen richtig verstehen (2006), heisst es: "Diese Verteidigung des e-Bauern ist sicherlich solide, aber der Nachziehende verzichtet auf die Chance, ...d5 in einem Zug zu spielen. Nachdem ich dies gesagt habe, muss ich aber hinzufügen, dass er sowieso selten die Chance bekommt, ...d5 in einem Zug zu spielen, und seinen Bauern e5 zu befestigen, kann einfach nicht falsch sein. Nimzowitschs Kommentar: ***In den offenen Spielen nach 1.e5 e5 ist entweder d3 oder d4, jetzt oder später, immer ein korrekter Zug.***, erscheint mir auch heute noch als gültig und ist genauso auf das schwarze ...d6 und ...d5 anzuwenden." In der modernen Zeit gelten der deutsche GM Thomas Luther und der IM Christain Seel als Experten der Philidor Verteidigung, während sich auch der rumänische GM Liviu Dieter Nisipeanu des öfteren dieser Verteidigung bedient hat. Nicht zu vergessen auch der englische GM Anthony Kosten, der in den 1990er Jahren diese Verteidigung mit Erfolg anwandte und darüber auch ein gutes Buch "Winning with the Philidor" geschrieben hat. Und schliesslich scheuen sich auch moderne Super GMs nicht, zu dieser Verteidigung zu greifen.} 3. d4 Nd7 {Die ursprüngliche Hanham-Variante, die heute keinen guten Ruf mehr hat und fast nicht mehr als spielbar gilt. Deshalb versuchen heutige Verfechter dieser Eröffnung, durch die Zugfolge 1.e4 d6, 2.d4 Sf6, 3.Sc3 e5, 4.Sf3 Sbd7 eine bequemere Stellung zu erreichen.} (3... f5 {die (über-)scharfe Mestel Verteidigung, die als gefährlich gilt für jene, die sie nicht genügend kennen und gleichzeitig als ungesund angesehen wird gegen theoretisch gut vorbereitete Weiss-Spieler. Immerhin spricht die Gewinnquote von 64,3% für Weiss in der ChessBase Online DB ein klares Wortt.}) (3... exd4 4. Nxd4 ({oder} 4. Qxd4 Nf6 5. Nc3 $14) 4... Nf6 5. Nc3 Be7 $14 {ist eine solide Variante}) 4. Bc4 $14 {***ENDE BUCH***} c6 $16 {***ENDE BUCH***} (4... Ngf6 {ist nicht gut möglich wegen} 5. dxe5 Nxe5 (5... dxe5 $2 6. Ng5 $18) ({oder} 5... Nxe4 $2 6. Qd5 $18 {Figurengewinn}) 6. Nxe5 dxe5 7. Bxf7+ Kxf7 (7... Ke7 8. Qxd8+ Kxd8 9. f3 $18 {weisser Mehrbauer}) 8. Qxd8 Bb4+ 9. Qd2 Bxd2+ 10. Nxd2 $18 {weisser Mehrbauer}) 5. dxe5 $6 {Mit diesem zahmen Tausch der Zentrumsbauern vergibt Weiss seinen Anzugsvorteil.} (5. O-O Be7 6. dxe5 dxe5 7. Ng5 $1 Bxg5 8. Qh5 Qe7 9. Qxg5 Qxg5 10. Bxg5 $16 {und Weiss besitzt das starke Läuferpaar}) 5... dxe5 6. O-O (6. Ng5 Nh6 7. O-O Be7 8. Nf3 Ng4 9. Nc3 O-O 10. h3 Ngf6 11. Be3 b5 12. Bd3 a5 13. a4 b4 14. Ne2 Qc7 15. c3 Nc5 16. cxb4 Nxd3 17. Qxd3 Bxb4 18. Qc2 Ba6 19. Rfc1 Rac8 20. Ng3 g6 21. Nd2 Rfd8 22. Nc4 Kg7 23. b3 Nd7 24. Qb2 f6 25. Ne2 Nc5 26. Bxc5 Bxc5 27. Nxe5 Qxe5 28. Qxe5 fxe5 29. Rxc5 Bxe2 30. Rxe5 Rd1+ 31. Rxd1 Bxd1 32. Rxa5 Bxb3 33. e5 c5 34. Ra7+ Kf8 35. a5 c4 36. Rxh7 c3 37. a6 c2 38. a7 c1=Q+ 39. Kh2 Qf4+ {0-1 (39) Praggnanandhaa,R (2536)-Wei,Y (2736) Chess.com INT 2019}) {[#]} 6... b5 $2 {Ein taktischer Fehler, den Weiss mit} 7. Bb3 $6 {nicht ausnützt.} (7. Bxf7+ Kxf7 8. Nxe5+ Ke8 9. Nxc6 Qb6 10. Nd4 {+/- (0.96) (73% +46% =54% -0%) Depth: 53/71}) 7... Bc5 8. a4 $14 {Sowohl 8.Sg5  als auch 8.Lxf7+  sind stärker.} bxa4 9. Rxa4 Ngf6 10. Bg5 h6 11. Bh4 Qe7 {Hier macht 11...Dc7, um sich aus der Fesslung des Lh4 zu befreien, mehr Sinn.} 12. Qe2 Bb6 13. Bc4 Nc5 14. Ra3 Bg4 15. Nc3 Rd8 16. Rfa1 Rd4 17. b4 Bxf3 18. gxf3 {Weiss erkennt verständlicherweise nicht, dass auch das Schlagen mit der Dame funktioniert. Bewertung Saitek GK 2100 (Original von Clone Mephisto Explorer Pro): +0.3, Tiefe 8-1, 10 Min., Variante 18.gxf3 Se6, 19.Lxe6 Dxe6, 20.Sa4 0-0 wie in der Partiefolge. Gibt man dem Saitek Original 18.Dxf3 vor, sieht es Schwarz bei Suchtiefe 11-1 mit -0.3 im Vorteil.} ({PROMENADE-bmi2:} 18. Qxf3 Rxc4 19. bxc5 Bxc5 20. Ra4 Rxa4 21. Nxa4 Bb4 (21... Bd6 22. Bxf6 Qxf6 23. Qxf6 gxf6 24. Nb6 Bc5 $11) 22. Nb2 Bc5 23. Na4 {[%eval 0,61] [%wdl 22,957,21]}) 18... Ne6 19. Bxe6 Qxe6 20. Na4 (20. b5 $11 {ist genauer}) 20... O-O 21. c3 Rd6 22. Nxb6 $6 $17 {Diese Ungenauigkeit sollte zum Vorteil von Schwarz ausfallen.} (22. Rd1 Rfd8 23. Rxd6 Rxd6 (23... Qxd6 24. Nb2 Qe6 25. Nc4 $11) 24. Bg3 Nh5 25. Ra1 Qg6 26. Kf1 Qg5 27. Nxb6 axb6 28. Qe3 $11) 22... axb6 23. Ra8 Rxa8 24. Rxa8+ Kh7 25. Bg3 Rd7 26. Rb8 b5 27. Ra8 Nh5 {Schwarz hat positionellen Vorteil, vor allem durch aktiver postierte Figuren.} {[#]} 28. Ra6 $2 $19 {[%mdl 32768] Das ***VERLIERT*** Weiss hätte seinen Turm nach a1 oder a2 zurückziehen sollen.} Qf6 $6 $17 {Stark genug für noch Vorteil, aber 28...Sxg3 oder 28...Db3 waren tödlich für Weiss.} (28... Nxg3 29. hxg3 Qb3 30. Kg2 (30. Rxc6 Qb1+ 31. Kg2 Rd1 $19) 30... Qb1 31. Ra2 Rd1 32. f4 exf4 33. Rb2 Qa1 34. gxf4 Rh1 35. e5 Qg1+ 36. Kf3 Rh3+ 37. Ke4 Rxc3 38. Kd4 Rc4+ 39. Ke3 g5 40. Qd3+ Kg7 41. Rb1 Qg4 42. f5 Qf4+ 43. Ke2 Rd4 44. Qc2 Re4+ 45. Kf1 Qxf5 $19) 29. Kh1 $2 $19 {Schadensbegrenzung war mit 29.Ta1 oder 29.Ta2 möglich.} Rd6 {Es geht noch besser:} (29... Nf4 30. Bxf4 Qxf4 31. Ra1 Rd2 32. Qe3 Qxe3 33. fxe3 Rf2 34. f4 Re2 35. Ra7 Rxe3 36. Rxf7 exf4 37. Rxf4 Rxc3 38. Kg2 Rc4 39. Kf3 Rxb4 $19) 30. Ra1 Nf4 31. Bxf4 Qxf4 32. Rd1 Rf6 33. Kg2 Rg6+ 34. Kh1 $19 f5 $2 $11 {Schwarz vergibt den entscheidenden Vorteil. Aber die beispielhafte Gewinnvariante von Stockfish 17.1 auf Suchtiefe 47 ist, wie schon so oft, nicht für unsere Oldies gemacht.} ({Stockfish 17.1:} 34... Rf6 35. Kg2 Qh4 36. Rg1 Rg6+ 37. Kh1 Rd6 38. Ra1 Qh3 39. Rg1 g6 40. Qe3 Kg7 41. Rg2 Qe6 42. f4 exf4 43. Qxf4 Rd3 44. Rg3 g5 45. Kg1 Rxc3 46. h4 Rxg3+ 47. Qxg3 Qxe4 48. hxg5 hxg5 49. Qd6 Qg4+ 50. Kh1 Qe6 51. Qd4+ Kg6 52. Kg1 Qd5 53. Qa1 Qe4 54. Qa8 Kf5 55. Qc8+ Qe6 56. Qd8 f6 57. Qd3+ Qe4 58. Qd7+ Kg6 59. f3 {[%eval -444,47] [%wdl 0,0,1000]}) 35. exf5 Qxf5 36. Qe3 Rf6 37. Kg2 {Die beidseitigen Schwächen in diesem Schwerfigurenendspiel halten sich die Waage. Die Partie steuert auf ein friedliches Ende zu.} Qc2 38. Re1 Qg6+ 39. Kf1 Rf4 40. Re2 (40. Qxe5 $2 Qd3+ 41. Qe2 Qxc3 42. Qe3 Qxb4 $19) 40... Qh5 41. Kg2 Rf6 42. h3 Rf4 43. Rd2 (43. Qxe5 Qxf3+ 44. Kg1 $11) 43... Qg5+ 44. Kf1 Qf5 45. Kg2 Qg6+ 46. Kh2 Qf6 $11 {[#]} 47. Qd3+ $2 {[%mdl 32768] -+ Das ***VERLIERT*** wieder für Weiss, sofern der Gegner die richtige Antwort findet.} Kg8 $2 {Und erneut geht der Scorpio 68000 sel. 4 am Sieg vorbei.} ({Stockfish 17.1:} 47... e4 $1 {-3.69(0%)/44} 48. fxe4 Rf3 49. Qe2 Rxc3 50. Rb2 Qe5+ 51. Kg2 Rc4 52. Rb1 h5 53. f3 h4 54. Kh1 Qg3 55. Qg2 Rxb4 56. Rxb4 Qe1+ 57. Qg1 Qxb4 58. Qf2 Qe7 59. e5 Qxe5 60. Qxh4+ Kg6 61. Qb4 Kf7 62. Kg2 Ke6 63. Qd2 c5 64. Qd8 b4 65. h4 Qb2+ 66. Kg3 Qd4 67. Qa8 Ke5 68. Qa7 g6 69. Qg7+ Kd5 70. Qg8+ Kc6 71. Qe8+ Qd7 72. Qe2 Kc7 73. f4 Qd6 74. Qb5 Qc6 75. Qa5+ Kb7 76. Qd8 b3 77. h5 gxh5 78. Qe7+ Ka6 {[%eval -369,44] [%wdl 0,0,1000]}) 48. Kg2 Qg5+ 49. Kf1 Qh5 50. Kg2 Rf5 51. Ra2 Qg5+ 52. Kf1 Rf8 53. Ra6 Rd8 54. Qc2 Qf4 55. Kg2 (55. Rxc6 $4 Qxf3 $19 {und gewinnt wegen der Doppeldrohung ...Td1+ und ...Dxc6.}) 55... Qf6 56. Qe4 Rd6 57. Ra7 Qg5+ 58. Qg4 Rg6 59. Qxg5 Rxg5+ {Auch das jetzt entstandene Turmendspiel ist ausgeglichen.} 60. Kh2 Kf8 61. Rc7 Rg6 62. Kh1 Rf6 63. Kg2 g5 64. Kg3 Ke8 65. Rh7 Kd8 66. Kg2 Rd6 67. Kg3 Rg6 68. Kg4 Rf6 69. Kg3 Rg6 70. Kg4 Rf6 71. Kg3 Rg6 {***3x REMIS***} 1/2-1/2